Empereurs de la dynastie Julio-Claudienne - Statistiques

Statistiques générales
  • Ce quiz a été pris 65 fois
  • Le résultat moyen est 5 sur 5
Statistiques - réponses
Indice Réponse % Correct
27 av. J-C - 14 Auguste
98%
54 - 68 Néron
96%
41 - 54 Claude
93%
37 - 41 Caligula
84%
14 - 37 Tibère
80%
Aucun quiz correspondant
Distribution des résultats
% des personnes avec chaque résultat
Percentile par nombre de réponses
Votre historique - résultats
Vous n’avez pas pris ce quiz